Dopasuj państwo do wykonawcy - Eurowizja 2023 - Statystyki

Ogólne statystyki
  • Ten quiz został rozwiązany 180 razy
  • Średni wynik to 29 z 37
Statystyki odpowiedzi
Wykonawca Odpowiedź % Poprawnych
Kaarija Finlandia
95%
Blanka Polska
95%
Loreen Szwecja
93%
Alessandra Mele Norwegia
90%
Joker Out Słowenia
89%
Noa Kirel Izrael
87%
Voyager Australia
86%
Teya & Salena Austria
84%
La zarra Francja
83%
Alika Estonia
82%
Blanca Paloma Hiszpania
82%
Mae Muller Wielka brytania
82%
Marco Mengoni Włochy
82%
Albina and Kelmendi family Albania
81%
let 3 Chorwacja
81%
Vesna Czechy
81%
Mimicat Portugalia
81%
Andrew Lambrou Cypr
80%
Remo Forrer Szwajcaria
80%
Tvorchi Ukraina
80%
Monika Lynkite Litwa
79%
Luke black Serbia
79%
Brunette Armenia
78%
Gustaw Belgia
77%
Victor Vernicos Grecja
77%
Pasha Parfeni Mołdawia
77%
Lord of the lost Niemcy
77%
Reiley Dania
72%
Iru Gruzja
72%
Mia & Dion Holandia
72%
Theodor Andrei Rumunia
72%
Wild youth Irlandia
71%
Dilja Islandia
69%
Sudden lights Łotwa
69%
The busker Malta
66%
Pique Jacks San marino
66%
TuralturanX Azerbejdżan
64%
Nie znaleziono quizów pasujących do podanych kryteriów
Rozkład punktacji
Procent ludzi z każdym wynikiem
Percentyl według liczby udzielonych odpowiedzi
Twoja historia wyników
Nie rozwiązałeś tego quizu